Statistiques concernant Focus sur: Viktor Krum - Harry Potter

Cliquez ici pour prendre le quiz!

Statistiques générales

  • Ce quiz a été pris 240 fois
  • Le résultat moyen est 7 sur 9

Statistiques - réponses

Informations recherchéesRéponses% Correct
Première apparitionHarry Potter et la Coupe de Feu
100%
Statut du sangSang-Mêlé ou Sang-Pur
99%
Couleur des cheveuxNoir
95%
Lieu de rencontre avec Harry PotterPoudlard
95%
Ecole fréquentéeDurmstrang
92%
ProfessionJoueur de Quidditch
85%
Intérieur de la baguetteNerf de ventricule de dragon
68%
Acteur l'interprétant dans les filmsStanislav Ianevski
20%
Bois de la baguetteCharme
15%

Distribution des résultats

Percentile par nombre de réponses

% des personnes avec chaque résultat

Votre développement - résultats

Vous n’avez pas pris ce quiz